| 000 | 00520cam a2200169 4500500 | ||
|---|---|---|---|
| 005 | 20260329001632.0 | ||
| 041 | _afre | ||
| 042 | _adc | ||
| 100 | 1 | 0 |
_aJeancourt-Galignani, Oriane _eauthor |
| 245 | 0 | 0 | _aAux sources de l’érotisme indien |
| 260 | _c2008. | ||
| 500 | _a94 | ||
| 690 | _aÉrotisme | ||
| 690 | _aInde | ||
| 786 | 0 | _nPhilosophie magazine | 21 | 7 | 2008-07-01 | p. 7-11 | 1951-1787 | |
| 856 | 4 | 1 | _uhttps://shs.cairn.info/magazine-philosophie-magazine-2008-7-page-7?lang=fr&redirect-ssocas=7080 |
| 999 |
_c1807174 _d1807174 |
||